01140ngm a2200337 4500003000400000005001700004007000500021008004100026010002000067024002200087035002000109040001300129082001300142245006200155260003200217300005100249440003200300500003600332500007000368500009000438538004900528538007900577650001900656700001800675700002300693700001400716700001500730700002200745700001800767700001700785dpl20100313132434.0DVD ||||||sp199 xxu|||||c ||| 00| 0 ng d  aDVD-006569-6577 c49.00aSHE 396 F2 aDVD-006569-6577 aDPLcDPL aDVD APNA aApnapancFilmyug Private Presentsh[videorecording] VCD/ bShemaroo Home Entertainment a2 videodisc VCD; bsd., col. ;c4 3/4 in.fVCD aShemaroo Home Entertainment aMastered From The Original Film aThis Title in Completed with 2 Disc. Not to be sold individually. aFilmfare Award Winner: Best Lyricist- Anand Bakshi Best Supporting Actress- Reena Roy aDolby Digital 5.1 - Hindi Subtitles: English aNTSC Format-All Regions, 16x9 Anamorphic (2:23.1 Aspect Ratio), Dual Layer aMotion Picture aJ. Om Prakash aLaxmikant Pyarelal aJeetendra aRoy, Reena aPandit, Sulakshna aSanjeev Kumar aIrani, Aruna